[Event "FRA-chT U20 0405"]
[Site "Lyon"]
[Date "2004.12.19"]
[Round "6.6"]
[White "Rakotoniaina, Linda"]
[Black "Iss, Gabriel"]
[Result "0-1"]
[WhiteElo "1180"]
[BlackElo "1220"]
[PlyCount "120"]
[EventDate "2004.11.??"]
[EventType "team"]
[EventRounds "7"]
[EventCountry "FRA"]
[SourceTitle "EXT 2006"]
[Source "ChessBase"]
[SourceDate "2005.11.24"]
[SourceVersion "1"]
[SourceVersionDate "2005.11.24"]
[SourceQuality "1"]
[WhiteTeam "Marseille Duchamps"]
[BlackTeam "Mulhouse"]
[WhiteTeamCountry "FRA"]
[BlackTeamCountry "FRA"]

1. d4 d5 2. Nf3 Nf6 3. g3 Bg4 4. Bg2 e6 5. c4 Be7 6. Nc3 Nfd7 7. Bf4 dxc4 8. 0-0 0-0 9. Ne5 Nxe5 10. Bxe5 Nd7 11. Bf4 c5 12. Bxb7 Rb8 13. Bxb8 Qxb8 14. Bc6 Nf6 15. Qd2 cxd4 16. Qxd4 Qxb2 17. Qe3 Bh3 18. Rab1 Qa3 19. Rfd1 Bc5 20. Qc1 Qxc1 21. Rbxc1 Ng4 22. Ne4 Bb6 23. Rxc4 h6 24. Rd7 f5 25. Nc5 Ne5 26. Nxe6 Nxd7 27. Nxf8 Nxf8 28. Bd5+ Kh7 29. Rc8 Nd7 30. Bg8+ Kg6 31. Rc6+ Kh5 32. Bf7+ g6 33. Bxg6+ Kg5 34. Kh1 Ne5 35. f4+ Kg4 36. fxe5 Bf1 37. Rc4+ Kg5 38. Bf7 Bxe2 39. Rc3 Bd4 40. Rb3 Bxe5 41. Kg2 Bd4 42. h4+ Kf6 43. Rb7 Ba6 44. Rd7 Bb6 45. Bh5 Bc4 46. Rd6+ Ke5 47. Rxh6 Bxa2 48. Bf3 Be3 49. Ra6 Bc4 50. Ra1 Kf6 51. h5 Kg5 52. Rh1 Kh6 53. Rd1 a5 54. Rd6+ Kh7 55. Bc6 Bc5 56. Rf6 Bd3 57. h6 Bc2 58. Kh3 a4 59. Kh4 Be7 60. Kh5 Bxf6 0-1

[Event "FRA-chT U20 0405"]
[Site "France"]
[Date "2004.11.21"]
[Round "3.6"]
[White "Rakotoniaina, Linda"]
[Black "Gelin, Baptiste"]
[Result "0-1"]
[WhiteElo "1180"]
[BlackElo "1620"]
[PlyCount "54"]
[EventDate "2004.11.20"]
[EventType "team"]
[EventRounds "11"]
[EventCountry "FRA"]
[SourceTitle "CBM 103 Extra"]
[Source "ChessBase"]
[SourceDate "2005.01.01"]
[SourceVersion "1"]
[SourceVersionDate "2005.01.01"]
[SourceQuality "1"]

1. d4 d5 2. c4 e6 3. Nf3 Nf6 4. g3 Be7 5. Bg2 0-0 6. 0-0 dxc4 7. Nc3 Nc6 8. Bf4 Bd6 9. Ne5 Bxe5 10. dxe5 Nd7 11. Qc2 Ncxe5 12. Bxe5 Nxe5 13. Rfd1 Qf6 14. Ne4 Qg6 15. Qd2 Bd7 16. Qg5 Qxg5 17. Nxg5 Bc6 18. e4 Rfd8 19. Nf3 Nxf3+ 20. Bxf3 f5 21. Re1 Rd4 22. Rad1 Rxd1 23. Rxd1 fxe4 24. Bg4 Kf7 25. b3 cxb3 26. axb3 Ke7 27. Kf1 e3 0-1

[Event "FRA-chT U20 0405"]
[Site "France"]
[Date "2004.11.20"]
[Round "1.6"]
[White "Rakotoniaina, Linda"]
[Black "Sarfati, Johan"]
[Result "1-0"]
[WhiteElo "1180"]
[BlackElo "1640"]
[PlyCount "57"]
[EventDate "2004.11.20"]
[EventType "team"]
[EventRounds "11"]
[EventCountry "FRA"]
[SourceTitle "CBM 103 Extra"]
[Source "ChessBase"]
[SourceDate "2005.01.01"]
[SourceVersion "1"]
[SourceVersionDate "2005.01.01"]
[SourceQuality "1"]

1. d4 d5 2. c4 e6 3. Nf3 c5 4. g3 Nc6 5. Bg2 dxc4 6. Ne5 Nxd4 7. Nc3 a6 8. e3 Nb5 9. Qxd8+ Kxd8 10. Nxf7+ Ke8 11. Nxh8 Nf6 12. Ne4 Be7 13. 0-0 Nd5 14. b3 cxb3 15. axb3 Kf8 16. Bb2 Kg8 17. Rfc1 b6 18. Nc3 Ndxc3 19. Bxc3 Kxh8 20. e4 Nxc3 21. Rxc3 Bf6 22. e5 Bxe5 23. Bxa8 Bxc3 24. Rd1 Bf6 25. Rd6 b5 26. Rc6 Bd7 27. Rxc5 Bd8 28. Bc6 Bc8 29. Bxb5 1-0